Text book of surveying (Record no. 9715)

000 -LEADER
fixed length control field 00462nam a2200193 4500
001 - CONTROL NUMBER
control field 9715
003 - CONTROL NUMBER IDENTIFIER
control field BD-DhUET
008 - FIXED-LENGTH DATA ELEMENTS--GENERAL INFORMATION
fixed length control field 150201b xxu||||| |||| 00| 0 eng d
040 ## - CATALOGING SOURCE
Original cataloging agency DLC
Transcribing agency DLC
Modifying agency BD-DhUET
082 ## - DEWEY DECIMAL CLASSIFICATION NUMBER
Classification number 526.9
Item number SHA/1982
100 ## - MAIN ENTRY--PERSONAL NAME
Personal name Shajahan, M.
245 ## - TITLE STATEMENT
Title Text book of surveying
250 ## - EDITION STATEMENT
Edition statement 1st ed.
260 ## - PUBLICATION, DISTRIBUTION, ETC. (IMPRINT)
Place of publication, distribution, etc. Dacca
Name of publisher, distributor, etc. Kazi Mahfuzur Rahman
Date of publication, distribution, etc. 1982
300 ## - PHYSICAL DESCRIPTION
Extent x, 367p.
Other physical details ill.
650 #0 - SUBJECT ADDED ENTRY--TOPICAL TERM
Topical term or geographic name as entry element Surveying
700 ## - ADDED ENTRY--PERSONAL NAME
Personal name Aziz, M. A.
942 ## - ADDED ENTRY ELEMENTS (KOHA)
Koha item type General Book
Holdings
Lost status Price effective from Damaged status Copy number Koha out on loan Koha date last borrowed Koha full call number Source of classification or shelving scheme Date acquired Location (home branch) Koha date last seen Withdrawn status Sublocation or collection (holding branch) Koha item type Koha normalized classification for sorting Piece designation (barcode) Koha issues (times borrowed) Not for loan Shelving location
 2015-02-01 1 2024-11-19526.9/SHA/1982 2015-02-01Central Library, BUET2025-12-02 Central Library, BUETGeneral Book526_900000000000000_SHA_198256198 7 Circulation section
 2015-03-24 22024-12-032024-11-19526.9/SHA/1982 2015-03-24Central Library, BUET2024-11-19 Central Library, BUETGeneral Book526_900000000000000_SHA_1982562008 Circulation section
 2015-06-08 3  526.9/SHA/1982 2015-06-08Central Library, BUET2015-06-08 Central Library, BUETReading Item526_900000000000000_SHA_198256191  Reading section
 2015-06-08 4  526.9/SHA/1982 2015-06-08Central Library, BUET2015-06-08 Central Library, BUETReading Item526_900000000000000_SHA_198256195  Reading section
 2015-06-09 5  526.9/SHA/1982 2015-06-09Central Library, BUET2015-06-09 Central Library, BUETReading Item526_900000000000000_SHA_198256192  Reading section
 2015-06-13 6  526.9/SHA/1982 2015-06-13Central Library, BUET2015-06-13 Central Library, BUETReading Item526_900000000000000_SHA_198256194  Reading section